000 00452nam a22001697a 4500
005 20250303140250.0
008 250303b |||||||| |||| 00| 0 eng d
020 _a9780333648179
050 _aHD38
_b.5 GAT
100 _aGattorna, J. L.
245 _aManaging the supply chain;
_ba strategic perspective
260 _aHampshire
_bPalgrave
_cc1996
300 _axvi,359p
500 _a includes index
700 _aWalters, D.W.
942 _2lcc
_cBK
_n0
999 _c4485
_d4485